000 00920nam a2200241Mi 4500
005 20140903175101.0
008 140506s2013 xxu fr 001 0 eng d
020 _a9780521110136
020 _a9780521125178
040 _aCO-BoUCM
_bspa
_cJose A. Gerena
_dJose A. Gerena
041 _aeng
100 1 _aShaw, Martin
_d1947-
_960596
245 1 0 _aGenocide and international relations
_cMartin Shaw
_bchanging patterns in the transitions of the late modern world
260 _aCambridge (Nueva York, Estados Unidos)
_bCambridge University press
_c2013
300 _ax, 238 páginas
504 _aIncluye referencias bibliográficas e índices
650 7 _aGenocidio
_xAspectos políticos
_916325
650 7 _aGenocidio
_xHistoria
_916325
650 7 _aRelaciones internacionales
_926553
690 _942914
_aSociología
942 _a5
_cLIBRO
_e1
_mS534g
_2DEWEY
_h364.151
999 _c242049
_d242049